01449nam a2200313Ia 4500001001200000003000800012006001900020007001500039008004100054010001700095020001500112040002100127035002000148050002500168245028100193246009000474260005600564300001700620490002300637504005200660533015200712610002600864650001800890655002900908710001700937830003800954856012600992999001701118ebr10068380CaPaEBRm u cr cn|||||||||010928s2000 dcu sb 000 0 eng d z 2001276947 z0309070937 aCaPaEBRcCaPaEBR a(OCoLC)8093932414aTP860.5b.R48 2000eb00aReview of the U.S. Navy's exposure standard for manufactured vitreous fibersh[electronic resource] /cSubcommittee on Manufactured Vitreous Fibers, Committee on Toxicology, Board on Environmental Studies and Toxicology, Commission on Life Sciences, National Research Council.3 aReview of the United States Navy's exposure standard for manufactured vitreous fibers aWashington, D.C. :bNational Academy Press,cc2000. axviii, 73 p.1 aThe compass series aIncludes bibliographical references (p. 63-73). aElectronic reproduction.bPalo Alto, Calif. :cebrary,d2009.nAvailable via World Wide Web.nAccess may be limited to ebrary affiliated libraries.10aUnited States.bNavy. 0aGlass fibers. 7aElectronic books.2local2 aebrary, Inc. 0aCompass series (Washington, D.C.)40uhttp://site.ebrary.com/lib/rucke/Doc?id=10068380zAn electronic book accessible through the World Wide Web; click to view c28332d28332